Learning Resource and Development

Advanced nutrition and human metabolism / (Record no. 29461)

MARC details
000 -LEADER
fixed length control field 01633nam a2200313 i 4500
003 - CONTROL NUMBER IDENTIFIER
control field CSPC
005 - DATE AND TIME OF LATEST TRANSACTION
control field 20250424135950.0
008 - FIXED-LENGTH DATA ELEMENTS--GENERAL INFORMATION
fixed length control field 250422s2022 maua b 001 0 eng d
020 ## - INTERNATIONAL STANDARD BOOK NUMBER
International Standard Book Number 9780357449813
040 ## - CATALOGING SOURCE
Transcribing agency CSPC
Original cataloging agency CSPC
Language of cataloging eng
Description conventions rda
050 00 - LIBRARY OF CONGRESS CALL NUMBER
Classification number QP141
Item number .G76 2022
082 00 - DEWEY DECIMAL CLASSIFICATION NUMBER
Classification number 613.2
Item number G911a
100 1# - MAIN ENTRY--PERSONAL NAME
Personal name Grooper, Sareen S.,
Relator term author.
245 10 - TITLE STATEMENT
Title Advanced nutrition and human metabolism /
Statement of responsibility, etc. Sareen S. Gopper, Jack L. Smith, and Timothy P. Carr.
250 ## - EDITION STATEMENT
Edition statement Eighth edition.
264 #1 - PRODUCTION, PUBLICATION, DISTRIBUTION, MANUFACTURE, AND COPYRIGHT NOTICE
Place of production, publication, distribution, manufacture Boston, Massachusetts :
Name of producer, publisher, distributor, manufacturer Cengage,
Date of production, publication, distribution, manufacture, or copyright notice 2022.
300 ## - PHYSICAL DESCRIPTION
Extent xxi, 634 pages :
Other physical details illustrations ;
Dimensions 29 cm.
336 ## - CONTENT TYPE
Content type term text
Source rdacontent
337 ## - MEDIA TYPE
Media type term unmediated
Source rdamedia
338 ## - CARRIER TYPE
Carrier type term volume
Source rdacarrier
504 ## - BIBLIOGRAPHY, ETC. NOTE
Bibliography, etc. note Includes bibliographical references and index.
505 0# - FORMATTED CONTENTS NOTE
Formatted contents note Cells and their nourishment -- The cell: a microcosm of life -- The digestive system: mechanism for nourishing the body -- Macronutrients and their metabolism -- Carbohydrates -- Fiber -- Lipids -- Protein -- Integration and regulation of metabolism and the impact of exercise -- Energy expenditure, body composition, and healthy weight -- The regulatory nutrients -- Water-soluble vitamins -- Fat-soluble vitamins -- Major minerals -- Water and electrolytes -- Essential trace and ultrarace minerals -- Nonessential trace and ultrarace minerals.
650 #0 - SUBJECT ADDED ENTRY--TOPICAL TERM
Topical term or geographic name entry element Nutrition.
650 #0 - SUBJECT ADDED ENTRY--TOPICAL TERM
Topical term or geographic name entry element Metabolism.
700 1# - ADDED ENTRY--PERSONAL NAME
Personal name Smith, Jack L.,
Relator term author.
700 1# - ADDED ENTRY--PERSONAL NAME
Personal name Carr, Timothy P.,
Relator term author.
942 ## - ADDED ENTRY ELEMENTS (KOHA)
Source of classification or shelving scheme Dewey Decimal Classification
Suppress in OPAC No
Koha item type Books
Classification part 613.2
Item part G911a
Call number prefix NUR
Call number suffix 2022
Holdings
Withdrawn status Lost status Source of classification or shelving scheme Damaged status Not for loan Home library Current library Shelving location Date acquired Total Checkouts Full call number Barcode Date last seen Copy number Price effective from Koha item type
    Dewey Decimal Classification     Main Library Main Library Nursing Section 04/22/2025   NUR 613.2 G911a 2022 029462 04/22/2025 2-2 04/22/2025 Books
    Dewey Decimal Classification     Main Library Main Library Nursing Section 04/22/2025   NUR 613.2 G911a 2022 029454 04/22/2025 1-2 04/22/2025 Books